000 00488nam a2200193Ia 4500
008 151121s9999||||xx |||||||||||||| ||und||
082 _a920/GED
082 _bHNW-69658
100 _aGeddes Tom-Tra।
245 2 _aA Tiler's Afternoon
260 _b"Harvill, Harper-Collins Pub।Glasgow"
260 _c--
300 _a117
600 _aGeddes Tom-Tra।
630 _aA Tiler's Afternoon
700 _aGeddes Tom-Tra।
730 _aA Tiler's Afternoon
942 _cBOOK
999 _c1251141
_d1251138